Analýza systému celoživotného vzdelávania a jeho vzťahu k dopytu na trhu práce v SR diplomová práca

Saved in:
Bibliographic Details
Main Author: Tomaško, Patrik
Corporate Author: Fakulta hospodárskej informatiky EU. Katedra štatistiky
Other Authors: Lubyová, Martina
Format: Book
Language:Slovak
Published: Bratislava 2015
Tags: Add Tag
No Tags, Be the first to tag this record!

MARC

LEADER 00000nbm a2200000 4500
001 0201593
005 20161212112035.2
041 0 |a slo 
044 |a SK 
245 1 0 |a Analýza systému celoživotného vzdelávania a jeho vzťahu k dopytu na trhu práce v SR  |b diplomová práca  |c Patrik Tomaško ; školiteľ: Martina Lubyová 
264 1 |a Bratislava  |c 2015 
300 |a 74 s. 
100 1 |a Tomaško, Patrik 
700 1 |a Lubyová, Martina 
710 2 |a Fakulta hospodárskej informatiky EU. Katedra štatistiky